ბათუმის შოთა რუსთაველის სახელმწიფო უნივერსიტეტის ბიბლიოთეკა

ანალიზური გეომეტრია : დამხ.სახელმძღ. / (ბიბ.ჩანაწერი № 37604)

000 -ლიდერი
ფიქსირებული სიგრძის საკონტროლო ველი 01063nam a2200253Ia 4500
001 - საკონტროლო ნომერი
საკონტროლო ველი 3576
003 - საკონტროლო ნომრის იდენტიფიკატორი
საკონტროლო ველი GE_BSU
005 - ბოლო ოპერაციის თარიღი და დრო
საკონტროლო ველი 20190528155419.0
008 - ფიქსირებული სიგრძის მონაცემთა ელემენტები - ზოგადი ინფორმაცია
ფიქსირებული სიგრძის საკონტროლო ველი 181216s1986||||ge |||||||||||||| ||geo||
040 ## - კატალოგიზაციის წყარო
Transcribing agency GE_BSU
041 ## - ენის კოდი
Language code of text/sound track or separate title geo
080 ## - უნივერსალური ათობითი კლასიფიკაციის ინდექსი
Universal Decimal Classification number 514.12(075.8) ა-61
245 ## - ცნობა სათაურის შესახებ
Title ანალიზური გეომეტრია : დამხ.სახელმძღ. /
Statement of responsibility, etc ლ.ბერიძე ; ბ.კვიჟინიძე ; ი. მამუჩიშვილი და სხვ.; რედ : მ.ძიძიგური .
264 ## - წარმოების, გამოცემის, დისტრიბუციის და სხვა ცნობები
გამოცემის, წარმოების, დისტრიბუციის... ადგილი თბილისი :
გამოცემის, წარმოების, დისტრიბუციის... სახელწოდება სპი,
გამოცემის, წარმოების, დისტრიბუციის... თარიღი 1986.
300 ## - ფიზიკური აღწერა
Extent 160 გვ .:
Dimensions 20 სმ.
653 ## - INDEX TERM--UNCONTROLLED
Uncontrolled term ანალიზური გეომეტრია
653 ## - INDEX TERM--UNCONTROLLED
Uncontrolled term გეომეტრია
653 ## - INDEX TERM--UNCONTROLLED
Uncontrolled term მათემატიკა
700 ## - ADDED ENTRY--PERSONAL NAME
Personal name ბერიძე, ლ
9 (RLIN) 1673
700 ## - ADDED ENTRY--PERSONAL NAME
Personal name კვიჟინიძე, ბ
9 (RLIN) 1731
700 ## - ADDED ENTRY--PERSONAL NAME
Personal name მამუჩიშვილი,ი.
9 (RLIN) 1732
700 ## - ADDED ENTRY--PERSONAL NAME
Personal name ძიძიგური, მ
Relator term რედაქტორი
9 (RLIN) 472
942 ## - ADDED ENTRY ELEMENTS (KOHA)
Koha item type წიგნი
Source of classification or shelving scheme
ეგზემპლარები
ჩამოწერის სტატუსი დაკარგული ეგზემპლარის სტატუსი კლასიფიკაციის წყარო ან თაროზე გაწყობის სქემა დაზიანების სტატუსი არ გაიცემა მუდმივი მდებარეობა (დაცვის ადგილი) ამჟამინდელი ადგილსამყოფელი თაროზე განთავსების ადგილი შეძენის თარიღი სრული შენახვის შიფრი შტრიხკოდი ბოლო ოპერაციის თარიღი ეგზემპლარის მიმდევრობითი ნომერი (კეტერი?) ფასის ძალაში შესვლის თარიღი ეგზემპლარის სახეობა საჯარო შენიშვნა ღირებულება, შესყიდვის ნორმალური ფასი
          ტექნოლოგიური ფაკულტეტის ბიბლიოთეკა ტექნოლოგიური ფაკულტეტის ბიბლიოთეკა წიგნსაცავი 2018-12-17 514.12(075.8) ა-61 9253 2018-12-17 9253 2018-12-17 წიგნი 0.50 თ.  
          ტექნოლოგიური ფაკულტეტის ბიბლიოთეკა ტექნოლოგიური ფაკულტეტის ბიბლიოთეკა წიგნსაცავი 2018-12-17 514.12(075.8) ა-61 9254 2018-12-17 9254 2018-12-17 წიგნი 0.50 თ. 0.50
          ტექნოლოგიური ფაკულტეტის ბიბლიოთეკა ტექნოლოგიური ფაკულტეტის ბიბლიოთეკა წიგნსაცავი 2018-12-17 514.12(075.8) ა-61 9255 2018-12-17 9255 2018-12-17 წიგნი 0.50 თ. 0.50